सरल निबंध एवं कहानी-लेखन; (Record no. 68225)

MARC details
000 -LEADER
fixed length control field 00929nam a22001577a 4500
005 - DATE AND TIME OF LATEST TRANSACTION
control field 20120627165328.0
020 ## - INTERNATIONAL STANDARD BOOK NUMBER
International Standard Book Number 9788188026964
Terms of availability 195.00
100 ## - MAIN ENTRY--PERSONAL NAME
Personal name द्विवेदी, दीक्षा
245 ## - TITLE STATEMENT
Title सरल निबंध एवं कहानी-लेखन;
Remainder of title (कक्षा पांच एवं छह की योग्यतानुसार)/
Statement of responsibility, etc दीक्षा द्विवेदी
260 ## - PUBLICATION, DISTRIBUTION, ETC. (IMPRINT)
Place of publication, distribution, etc दिल्ली
Name of publisher, distributor, etc राजकुमार एण्ड सन्ज़
Date of publication, distribution, etc 2010
270 ## - ADDRESS
Address 30/35-36, (प्रथम तल) लेन नं.-9, विश्वास नगर, शाहदरा
City दिल्ली
Postal code 110032
300 ## - PHYSICAL DESCRIPTION
Extent 144 पृ.
Dimensions 22 सें.मी.(सजिल्द)
942 ## - ADDED ENTRY ELEMENTS (KOHA)
Source of classification or shelving scheme Dewey Decimal Classification
Item type Children Books
Call number suffix द्विवेदी
Holdings
Withdrawn status Lost status Not for loan Home library Current library Date acquired Cost, normal purchase price Full call number Cost, replacement price Koha item type
      Andrews Gunj Andrews Gunj 27/06/2012 195.00 द्विवेदी 195.00 Hindi Books

© Delhi Public Library
Hit Counter
free hit counter